Fr. Conceicao Rodrigues College of Engineering

Believe Achieve (Record no. 31539)

MARC details
000 -LEADER
fixed length control field 00299nam a2200145Ia 4500
082 ## - DEWEY DECIMAL CLASSIFICATION NUMBER
Classification number 650.1/PAU
Item number PAU
100 ## - MAIN ENTRY--PERSONAL NAME
Personal name Paul Hanna
245 ## - TITLE STATEMENT
Title Believe Achieve
260 ## - PUBLICATION, DISTRIBUTION, ETC.
Name of publisher, distributor, etc. Penguin Books
Place of publication, distribution, etc. New Delhi
Date of publication, distribution, etc. 1998
300 ## - PHYSICAL DESCRIPTION
Extent 235
546 ## - LANGUAGE NOTE
Language note ENGLISH
654 ## - SUBJECT ADDED ENTRY--FACETED TOPICAL TERMS
Focus term archieve
942 ## - ADDED ENTRY ELEMENTS (KOHA)
Koha item type BOOK
Holdings
Withdrawn status Lost status Damaged status Not for loan Collection Home library Current library Shelving location Date acquired Total Checkouts Full call number Barcode Date last seen Price effective from Koha item type
        CRC Fr. Agnel's C.Rodrigues College of Engineering Fr. Agnel's C.Rodrigues College of Engineering   17/03/2023   650.1/PAU PAU 17082 17/03/2023   BOOK